000 01543nab a2200241 i 4500
003 BR-BrBNA
005 20250514114331.0
008 250514b2017 bl.qr|pooa||| 00| 0 por |
040 _aBR-BrBNA
_bpor
072 _aF70
100 _aSecco, Ricardo de S.
100 _aBigio, Narcísio Costa
245 _aFlora das cangas da Serra dos Carajás, Pará, Brasil: Peraceae
500 _aPublicação on-line; 7 ref.; 1 illus.; Summaries (En, Pt)
520 _a Resumo O estudo foi baseado em coleções depositadas nos herbários RB, MG e UB, assim como espécimes observados em campo. Apenas uma espécie de Pera foi registrada: P. membranacea. São apresentados descrição, ilustração e comentários para a espécie. Palavras-chave: Amazônia, Neotrópicos, Pera, taxonomia. Abstract The study was based on collections deposited in the herbaria RB, MG and UB, as well as specimens observed in the field. Only one species of Pera was recorded, P. membranacea. Descriptions, illustrations, and comments for the species are provided. Key words: Amazon, Neotropics, Pera, taxonomy.
650 _aAMAZÔNIA
650 _aTAXONOMIA
650 _aCARAJÁS
773 0 _0709
_9350025
_dRio de Janeiro-RJ Jardim Botanico do Rio de Janeiro 1935
_o2025-2634
_tRodriguésia (Brazil)
_x0370-6583; 2175-7860 on-line
_gv. 68(3 special number) p. 1073-1075; (2017)
_wBR2025000962
856 _uhttps://www.scielo.br/j/rod/a/JXL6mRThM9gqLPCWgDm6LXj/?format=pdf&lang=pt
942 _cANA
999 _c331497
_d331497